| 000 | 00533nam a2200181Ia 4500 | ||
|---|---|---|---|
| 999 |
_c29824 _d29824 |
||
| 003 | OSt | ||
| 005 | 20210111101639.0 | ||
| 008 | 190216s9999||||xx |||||||||||||| ||und|| | ||
| 020 | _a9788126423873 | ||
| 040 | _coclc | ||
| 082 |
_a894.81 _bSTAG/T |
||
| 100 | 1 |
_aTagore, Rabindranath _938 _d1861-1941 |
|
| 245 | 0 |
_aTagore Krithikal / _cRabindranath Tagore ; K Jayakumar |
|
| 260 |
_bDc Books, _c2010. _aKottayam: |
||
| 300 | _a1310p | ||
| 650 | _aMalayalam | ||
| 942 |
_cBK _2ddc _h894.81 _iSTAG/T _k894.81 _mSTAG/T |
||